Tapage rapide 0 et 1 en 20 secondes - Erreurs Eliminatoires - Statistiques

Statistiques générales
  • Ce quiz a été pris 144 fois
  • Le résultat moyen est 20 sur 120
Statistiques - réponses
Chiffre % Correct
0
98%
1
98%
0
88%
1
85%
1
83%
0
81%
1
79%
1
75%
1
37%
0
35%
1
33%
1
33%
1
33%
0
31%
1
31%
1
31%
1
31%
1
31%
1
31%
1
29%
0
25%
1
25%
1
25%
1
25%
1
25%
1
25%
1
25%
1
25%
0
23%
1
23%
1
23%
1
23%
1
21%
1
21%
1
21%
0
17%
1
17%
1
17%
1
17%
1
17%
1
17%
1
17%
1
17%
1
17%
0
15%
1
15%
1
15%
1
13%
1
13%
1
13%
0
12%
1
12%
1
12%
1
12%
1
12%
0
10%
1
10%
1
10%
1
10%
1
10%
1
10%
1
10%
1
10%
1
10%
1
10%
1
10%
1
10%
1
10%
1
10%
1
10%
1
10%
1
10%
1
10%
0
8%
1
8%
1
8%
1
8%
1
8%
1
8%
1
8%
1
8%
1
8%
1
8%
1
8%
1
8%
1
6%
0
4%
1
4%
1
4%
1
4%
1
4%
1
4%
1
4%
1
4%
1
4%
1
4%
1
2%
0
0%
0
0%
1
0%
1
0%
1
0%
1
0%
1
0%
1
0%
1
0%
1
0%
1
0%
1
0%
1
0%
1
0%
1
0%
1
0%
1
0%
1
0%
1
0%
1
0%
1
0%
1
0%
1
0%
Aucun quiz correspondant
Distribution des résultats
% des personnes avec chaque résultat
Percentile par nombre de réponses
Votre historique - résultats
Vous n’avez pas pris ce quiz